Statistics for Country by car brand

Click here to take the quiz!

General Stats

  • This quiz has been taken 29 times
  • The average score is 9 of 12

Answer Stats

Car brandCountry% Correct
VolkswagenGermany
100%
Rolls-RoyceUnited Kingdom
100%
FordUnited States
100%
NissanJapan
96%
KiaSouth Korea
86%
BaolongChina
75%
LadaRussia
75%
SEATSpain
75%
SkodaCzech Republic
68%
KoenigseggSweden
61%
BugattiFrance
54%
DaciaRomania
54%

Score Distribution

Percentile by Number Answered

Percent of People with Each Score

Your Score History

You have not taken this quiz